|
|
|
|
| LEADER |
00894nam a2200265 a 4500 |
| 001 |
000119359 |
| 003 |
CZ BrMZK |
| 005 |
19970107143423.0 |
| 008 |
970107s1996 xr f cze d |
| 015 |
|
|
|a cnb000182209
|
| 020 |
|
|
|a 80-86058-20-4
|
| 035 |
|
|
|a (OCoLC)38152090
|
| 040 |
|
|
|a BOA001
|b cze
|
| 080 |
|
|
|a 372.854(079.1):373.5
|2 MRF
|
| 100 |
1 |
|
|a Solárová, Marie,
|d 1950-
|7 ola20040618005
|4 aut
|
| 245 |
1 |
0 |
|a Chemická olympiáda :
|b úlohy kategorie C /
|c Marie Solárová.
|
| 260 |
|
|
|a Ostrava :
|b Scholaforum,
|c 1996
|
| 300 |
|
|
|a 27 s. :
|b il. ;
|c 21 cm
|
| 490 |
1 |
|
|a Tematický sešit. Chemie
|
| 653 |
0 |
|
|a střední školy
|
| 830 |
|
0 |
|a Tematický sešit.
|p Chemie
|
| 910 |
|
|
|a BOA001
|b PK-0126.600
|
| 964 |
|
|
|a Olympiády chemické
|x příprava
|x školy střední
|
| 990 |
|
|
|a BK
|
| 996 |
7 |
|
|b 3119006160
|c PK-0126.600
|l MZK
|r Sklad / do 1 hodiny
|n 1
|p p.v.
|w 000119359
|u 000010
|a 1
|e BOA001
|j MZK50
|s A
|